000 00446nam a2200169Ia 4500
001 8426
003 IN-NITTTR
005 20251114233038.0
008 251113s9999||||xx |||||||||||||| ||eng||
040 _beng
040 _cIN-NITTTR
041 _aeng
082 _a519.287 S34C
100 _aSrinath, L. S.
245 0 _aConcepts in reliability :
_b with an introduction to maintainability and availability /
_cSrinath, L. S.
942 _2ddc
_cBK
999 _c11064
_d11064